Sparse Representation Using Optimum Threshold Based Relevance Vector Machines (Record no. 233603)
[ view plain ]
| 000 -LEADER | |
|---|---|
| fixed length control field | 00828nam a2200145Ia 4500 |
| 008 - FIXED-LENGTH DATA ELEMENTS--GENERAL INFORMATION | |
| fixed length control field | 231221s9999 xx 000 0 und d |
| 041 ## - LANGUAGE CODE | |
| Language code of text/sound track or separate title | English |
| 082 ## - DEWEY DECIMAL CLASSIFICATION NUMBER | |
| Classification number | CPEC15-1078 |
| 100 ## - MAIN ENTRY--PERSONAL NAME | |
| Personal name | Nishanth, V A. Manikandan, J. |
| 245 #0 - TITLE STATEMENT | |
| Title | Sparse Representation Using Optimum Threshold Based Relevance Vector Machines |
| 260 ## - PUBLICATION, DISTRIBUTION, ETC. | |
| Date of publication, distribution, etc. | 2015 |
| 500 ## - GENERAL NOTE | |
| General note | Sparse Representation Using Optimum Threshold Based Relevance Vector Machines Nishanth VA and Manikandan J Department of Telecommunication, PES Institute of Technology, Bangalore Crucible of Research and Innovation (CORI), PES University, Bangalore Department of ECE, PES University, Bangalore Email: manikandanj@pes.edu 12th IEEE INDICON Conference,pp.1-5. Delhi, December 2015 |
| 650 ## - SUBJECT ADDED ENTRY--TOPICAL TERM | |
| Topical term or geographic name entry element | Sparse,Representation,Using,Optimum,Threshold,Relevance,Vector,Machines |
| 942 ## - ADDED ENTRY ELEMENTS (KOHA) | |
| Koha item type | Institutional repository |
| Date last seen | Total checkouts | Full call number | Accession number | Price effective from | Category | Lost status | Damaged status | Department | Withdrawn status | Home library | Current library | Shelving location | Entry date | Grants | Currency symbol | Conversion rate | Discount | Old discount |
|---|---|---|---|---|---|---|---|---|---|---|---|---|---|---|---|---|---|---|
| 26/01/2024 | CPEC15-1078 | IR1078 | 26/01/2024 | Institutional repository | EC | Central Library | Central Library | Central Library | EC | RS | 1 |
